[Event "Backwards Pawns: Testing Backwards Pawns"]
[Site "SchemingMind.com"]
[Date "2022.06.28"]
[Round "-"]
[White "emakis"]
[Black "Abstract Actuary"]
[Result "1-0"]
[WhiteCountry "GRE"]
[BlackCountry "USA"]
[WhiteElo "1758"]
[WhiteRD "123"]
[BlackElo "1656"]
[BlackRD "132"]
[GameID "724832"]

1. d4 Nf6 2. c4 e6 3. Nf3 Bb4+ 4. c3 Ba5 5. g3 O-O 6. Bg2 d5 7. O-O Bb6 8. Bg5 h6 9. Bxf6 Qxf6 10. Nbd2 c5
11. dxc5 Bxc5 12. e4 d6 13. a4 Nc6 14. Nc4 e5 15. b4 Bb6 16. Qxd6 Qxd6 17. Nxd6 Bc7 18. Nxc8 Raxc8 19. Rfd1 Rfd8 20. Kf1 f6
21. Nh4 Ne7 22. Bh3 Rb8 23. Be6+ Kf8 24. Ke2 g5 25. Ng2 Nc6 26. Ne3 Ke7 27. Bd5 h5 28. a5 a6 29. Nf5+ Kf8 30. h4 g6
31. Ne3 Rd7 32. Rdb1 Rbd8 33. a4 Bb6 34. Nc4 Ba7 35. b5 Ne7 36. Be6 Rd3 37. bxa6 bxa6 38. Rb7 Nc6 39. Rf7+ Ke8 40. Rc7 Rxc3
41. Rxc6 Rdd3 42. Rc8+ Ke7 43. Rc7+ Kxe6 44. Rxa7 Rd4 45. Rxa6+ Ke7 46. Nd2 Rc2 47. Rd1 Ra2 48. f3 Rdxa4 49. Rxa4 Rxa4 50. Rb1 Ra6
51. Nc4 Ra2+ 52. Rb2 Ra6 53. Ne3 Rc6 54. g4 h6 55. h5 f7 56. Rb7+ Ke6 57. hxg6 fxg6 58. Rh7 h5 59. gxh5 gxh5 60. Rxh5 Rc5
61. Ng4 Kd6 62. Rxe5
1-0

[Event "Backwards Pawns: Testing Backwards Pawns"]
[Site "SchemingMind.com"]
[Date "2022.06.30"]
[Round "-"]
[White "emakis"]
[Black "magier72"]
[Result "1-0"]
[WhiteCountry "GRE"]
[BlackCountry "GER"]
[WhiteElo "1674"]
[WhiteRD "131"]
[BlackElo "1230"]
[BlackRD "185"]
[GameID "724834"]

1. d4 g6 2. e4 Bg7 3. Nf3 d5 4. exd5 Nf6 5. c4 c6 6. Nc3 cxd5 7. cxd5 O-O 8. Bc4 Bg4 9. h3 Bf5 10. g4 Nxg4
11. hxg4 Bxg4 12. Bh6 Nd7 13. Qd2 f5 14. d6+ Rf7 15. Ng5 Bxh6 16. Rxh6 Qf8 17. Bxf7+
1-0

[Event "Backwards Pawns: Testing Backwards Pawns"]
[Site "SchemingMind.com"]
[Date "2022.06.28"]
[Round "-"]
[White "emakis"]
[Black "*chessnut*"]
[Result "1-0"]
[WhiteCountry "GRE"]
[BlackCountry "FRA"]
[WhiteElo "1674"]
[WhiteRD "131"]
[BlackElo "1100"]
[BlackRD "178"]
[GameID "724835"]

1. d4 Nf6 2. c4 e6 3. Nf3 d5 4. Bg5 Be7 5. e3 Ne4 6. Bxe7 Qxe7 7. Qc2 f5 8. a3 b6 9. cxd5 exd5 10. Nc3 c6
11. Nxd5 Qb7 12. Nc3 Nd7 13. Nxe4 Qc7 14. Neg5 g6 15. Rc1 Bb7 16. Qc4 O-O-O 17. Ne6 b5 18. Nxc7 bxc4 19. Ne6 Rde8 20. Bxc4 Nf8
21. Nxf8 Rhxf8 22. O-O h6 23. Ne5 Kc7 24. Nxg6 Rf6 25. Nf4 Bc8 26. Bd3 Kd6 27. Rc5 Re7 28. Rfc1 Bb7 29. Rxf5 Rff7 30. Rxf7 Rxf7
31. f3 Rg7 32. Kf2 h5 33. Nxh5 Rh7 34. Bxh7
1-0

[Event "Backwards Pawns: Testing Backwards Pawns"]
[Site "SchemingMind.com"]
[Date "2022.06.28"]
[Round "-"]
[White "*chessnut*"]
[Black "emakis"]
[Result "0-1"]
[WhiteCountry "FRA"]
[BlackCountry "GRE"]
[WhiteElo "1100"]
[WhiteRD "178"]
[BlackElo "1674"]
[BlackRD "131"]
[GameID "724836"]

1. d4 d5 2. Nf3 Nf6 3. e3 c6 4. Nc3 Bg4 5. Be2 e6 6. Ne5 Bxe2 7. Qxe2 Nbd7 8. a3 Bd6 9. g3 Nxe5 10. dxe5 Bxe5
11. Rb1 O-O 12. g4 d4 13. Nd1 Qd5 14. O-O Qa2 15. exd4 Bxd4 16. b3 Qxb1 17. Be3 Qa1 18. a4 Rad8 19. Bd2 Qa3 20. Kg2 Qd6
21. Kg1 Nd5 22. Kg2 Nf4+ 23. Bxf4 Qxf4 24. f3 Be5 25. Rh1 Rd2 26. Qf2 Rfd8 27. Rf1 Qxh2#
0-1

[Event "Backwards Pawns: Testing Backwards Pawns"]
[Site "SchemingMind.com"]
[Date "2022.07.08"]
[Round "-"]
[White "surfnsuds"]
[Black "DANDYLIONHONEYBADGER"]
[Result "0-1"]
[WhiteCountry "USA"]
[BlackCountry "USA"]
[WhiteElo "1065"]
[WhiteRD "115"]
[BlackElo "1147"]
[BlackRD "111"]
[GameID "725026"]

1. d4 e6 2. e4 b6 3. g3 Ba6 4. Bxa6 Nxa6 5. c3 h6 6. f4 Nf6 7. e5 Nd5 8. e4 Ne7 9. Nf3 Nc6 10. Qa4 Qc8
11. Ne5 Nxe5 12. fxe5 c6 13. Qc2 c5 14. d5 d6 15. d4 Qc6 16. d5 exd5 17. Nd2 dxe5 18. Nf3 f6 19. Be3 dxe4 20. Nd2 b5
21. Qxe4 Qxe4 22. Nxe4 b4 23. cxb4 f5 24. Nxc5 Nxb4 25. Ke2 Bxc5 26. Bxc5 Nd5 27. Rad1 Rd8 28. Bxa7 O-O 29. Rdf1 Ra8 30. Bc5 Rfc8
31. Ba3 Rc2+ 32. Kd3 Rcc8 33. Rxf5 Re8 34. Rhf1 e4+ 35. Kd4 Nf6 36. h4 Rad8+ 37. Ke3 Rd3+ 38. Ke2 Red8 39. b3 Rd2+ 40. Ke1 Rd1+
41. Ke2 R8d2+ 42. Ke3 Rd3+ 43. Kf4 Rxf1+ 44. Ke5 Rd5+ 45. Ke6 Rfxf5 46. Bd6 e3 47. Bb4 Rfe5#
0-1

[Event "Backwards Pawns: Testing Backwards Pawns"]
[Site "SchemingMind.com"]
[Date "2022.07.08"]
[Round "-"]
[White "DANDYLIONHONEYBADGER"]
[Black "surfnsuds"]
[Result "1-0"]
[WhiteCountry "USA"]
[BlackCountry "USA"]
[WhiteElo "1147"]
[WhiteRD "111"]
[BlackElo "1065"]
[BlackRD "115"]
[GameID "725027"]

1. e4 e5 2. d4 d6 3. dxe5 dxe5 4. Qxd8+ Kxd8 5. Nf3 f6 6. h3 Bd7 7. Bd3 Nc6 8. c3 Bc5 9. Be3 Bxe3 10. fxe3 Nge7
11. Bb5 Rf8 12. Bxc6 Bxc6 13. Nbd2 f5 14. Nxe5 fxe4 15. Nxc6+ bxc6 16. Nxe4 Ng6 17. Nc5 Ke7 18. Rf1 Rad8 19. Rxf8 Nxf8 20. Na6 Ne6
21. Rd1 c5 22. Rxd8 Kxd8 23. Nb8 Kc8 24. Nc6 a6 25. b4 Kb7 26. Ne5 cxb4 27. cxb4 h6 28. g4 g5 29. Nf7 h7 30. Kf2 Kc6
31. Ne5+ Kb5 32. Nd3 a5 33. Kg3 axb4 34. h4 gxh4+ 35. Kxh4 Nc5 36. Nxc5 Kxc5 37. g5 Kd5 38. Kh5 Ke5 39. Kh6 Kf5 40. e4+ Kxe4
41. Kxh7
1-0

[Event "Backwards Pawns: Testing Backwards Pawns"]
[Site "SchemingMind.com"]
[Date "2022.07.08"]
[Round "-"]
[White "JPT"]
[Black "DANDYLIONHONEYBADGER"]
[Result "1-0"]
[WhiteCountry "INT"]
[BlackCountry "USA"]
[WhiteElo "1467"]
[WhiteRD "126"]
[BlackElo "1216"]
[BlackRD "150"]
[GameID "725028"]

1. e4 d6 2. d4 g6 3. f4 Nf6 4. Bd3 c6 5. Nf3 Bg4 6. O-O Bxf3 7. Qxf3 Qb6 8. c3 d5 9. exd5 Nxd5 10. f5 g7
11. Nd2 Nd7 12. Nc4 Qc7 13. Bg5 f6 14. Bh4 O-O-O 15. Bg3 e5 16. dxe5 fxe5 17. Nxe5 Nxe5 18. Bxe5 Qxe5 19. Rfe1 Qd6 20. Rad1 Be7
21. f4 g6 22. c4 Nxf4 23. Bf5+
1-0

[Event "Backwards Pawns: Testing Backwards Pawns"]
[Site "SchemingMind.com"]
[Date "2022.07.08"]
[Round "-"]
[White "DANDYLIONHONEYBADGER"]
[Black "JPT"]
[Result "0-1"]
[WhiteCountry "USA"]
[BlackCountry "INT"]
[WhiteElo "1144"]
[WhiteRD "130"]
[BlackElo "1483"]
[BlackRD "126"]
[GameID "725029"]

1. e4 e5 2. d4 e6 3. c4 d6 4. f4 f6 5. g4 c6 6. b4 b6 7. h4 g6 8. a4 Bg7 9. h5 f7 10. hxg6 fxg6
11. Bb2 c5 12. bxc5 dxc5 13. Ne2 Ba6 14. Na3 Nf6 15. Nc3 Nc6 16. d5 exd5 17. cxd5 Bxf1 18. Rxf1 Nb4 19. d6 O-O 20. Nab5 c4
21. Nc7 Nd3+ 22. Ke2 Nxb2 23. Ne6 Nxd1 24. Nxd8 Nxc3+ 25. Kf3 Raxd8 26. e5 Nfe4 27. Rac1 Bxe5
0-1

[Event "Backwards Pawns: Testing Backwards Pawns"]
[Site "SchemingMind.com"]
[Date "2022.07.08"]
[Round "-"]
[White "Ilang"]
[Black "DANDYLIONHONEYBADGER"]
[Result "1-0"]
[WhiteCountry "HUN"]
[BlackCountry "USA"]
[WhiteElo "1876"]
[WhiteRD "121"]
[BlackElo "1216"]
[BlackRD "150"]
[GameID "725030"]

1. d4 e6 2. e3 d5 3. Nf3 f6 4. c4 dxc4 5. Bxc4 Bd7 6. O-O Ne7 7. Nc3 a6 8. Bb3 c6 9. Ne4 Nf5 10. Nc5 Bxc5
11. dxc5 h6 12. e4 Ne7 13. Bf4 e5 14. Be3 a5 15. Nh4 g5 16. Qh5+
1-0

[Event "Backwards Pawns: Testing Backwards Pawns"]
[Site "SchemingMind.com"]
[Date "2022.07.08"]
[Round "-"]
[White "DANDYLIONHONEYBADGER"]
[Black "Ilang"]
[Result "0-1"]
[WhiteCountry "USA"]
[BlackCountry "HUN"]
[WhiteElo "1144"]
[WhiteRD "130"]
[BlackElo "1817"]
[BlackRD "115"]
[GameID "725031"]

1. e4 e5 2. f3 Nc6 3. c3 d6 4. d3 Nf6 5. Bg5 h6 6. Bxf6 Qxf6 7. b4 Be7 8. Ne2 O-O 9. Ng3 h5 10. Nxh5 Qh6
11. g4 Bh4+ 12. Ke2 g6 13. Qd2 Qxd2+ 14. Nxd2 gxh5 15. g3 Bg5 16. Bg2 f5 17. e3 f4 18. gxf4 exf4 19. exf4 Bxf4 20. Ne4 Bf5
21. h3 d5 22. Nf2 Rae8+ 23. Kd1 Kf7 24. Kc2 Re2+ 25. Kb3 Rxf2 26. Rag1 Be6
0-1

[Event "Backwards Pawns: Testing Backwards Pawns"]
[Site "SchemingMind.com"]
[Date "2022.07.09"]
[Round "-"]
[White "Abstract Actuary"]
[Black "DANDYLIONHONEYBADGER"]
[Result "1-0"]
[WhiteCountry "USA"]
[BlackCountry "USA"]
[WhiteElo "1662"]
[WhiteRD "134"]
[BlackElo "1147"]
[BlackRD "111"]
[GameID "725032"]

1. e4 e5 2. Nf3 Nc6 3. c3 Nf6 4. d4 d6 5. dxe5 dxe5 6. Qxd8+ Kxd8 7. Bg5 h6 8. Bxf6+ gxf6 9. Bc4 Be6 10. Nbd2 Bxc4
11. Nxc4 Bd6 12. O-O-O Ke7 13. Rd2 Rhd8 14. Nxd6 Rxd6 15. Rhd1 Rxd2 16. Rxd2 Rd8 17. a4 Rxd2 18. Kxd2 Na5 19. Kd3 c5 20. b4 cxb4
21. cxb4 Nc6 22. Kc4 Kd6 23. b5 Ne7 24. Nh4 a6 25. g3 axb5+ 26. Kxb5 Kc7 27. f3 Nc8 28. Nf5 h5 29. Kc5 b6+ 30. Kd5 e6+
31. Kd4 exf5 32. exf5 Kc6 33. h4 Ne7 34. g4 h6 35. f4 h5 36. f3 h6= 37. Ke4 Kc5 38. f4 Kb4 39. h5 Kxa4 40. g5 Ng8
41. g6 fxg6 42. fxg6 b5 43. Kf5 b4 44. Ke6 b3 45. Kf7 b2 46. Kxg8 b1=Q 47. g7 Qb3+ 48. Kh8 f7 49. g8=Q Qc3+ 50. Kh7 Qf6
51. Qe8+ Kb4 52. Qf8+ Kc4 53. Qxh6 Qf5+ 54. Kg7 Qxf4 55. Qxf4+
1-0

[Event "Backwards Pawns: Testing Backwards Pawns"]
[Site "SchemingMind.com"]
[Date "2022.07.09"]
[Round "-"]
[White "DANDYLIONHONEYBADGER"]
[Black "Abstract Actuary"]
[Result "0-1"]
[WhiteCountry "USA"]
[BlackCountry "USA"]
[WhiteElo "1216"]
[WhiteRD "150"]
[BlackElo "1690"]
[BlackRD "138"]
[GameID "725033"]

1. e4 e6 2. Nc3 d5 3. exd5 exd5 4. Qe2+ Be7 5. a3 Nf6 6. h3 O-O 7. Nf3 Re8 8. Ne5 Bd6 9. d4 Nc6 10. f4 Nxd4
11. Qd2 Nc6 12. Nxd5 Nxd5 13. Qxd5 Bb4+
0-1

[Event "Backwards Pawns: Testing Backwards Pawns"]
[Site "SchemingMind.com"]
[Date "2022.07.08"]
[Round "-"]
[White "emakis"]
[Black "DANDYLIONHONEYBADGER"]
[Result "1-0"]
[WhiteCountry "GRE"]
[BlackCountry "USA"]
[WhiteElo "1724"]
[WhiteRD "125"]
[BlackElo "1216"]
[BlackRD "150"]
[GameID "725036"]

1. d4 e6 2. c4 f6 3. e4 f5 4. Nc3 Bb4 5. Bd3 f6 6. Nf3 Nc6 7. O-O Bxc3 8. bxc3 Nce7 9. Rb1 h6 10. Nh4 d5
11. e5 f7 12. Qg4 g5 13. f4 gxh4 14. Qg7
1-0

[Event "Backwards Pawns: Testing Backwards Pawns"]
[Site "SchemingMind.com"]
[Date "2022.07.08"]
[Round "-"]
[White "DANDYLIONHONEYBADGER"]
[Black "emakis"]
[Result "0-1"]
[WhiteCountry "USA"]
[BlackCountry "GRE"]
[WhiteElo "1216"]
[WhiteRD "150"]
[BlackElo "1724"]
[BlackRD "125"]
[GameID "725037"]

1. e4 c5 2. c4 Nc6 3. e3 Nf6 4. f3 e6 5. b3 Be7 6. h3 d5 7. c3 O-O 8. Bb5 a6 9. Bxc6 bxc6 10. d3 Qc7
11. f4 e5 12. Ne2 Re8 13. g4 exf4 14. Nxf4 Bd6 15. O-O g5 16. Nh5 Nxh5 17. gxh5 Bxh3 18. Rf3 Bg4
0-1

[Event "Backwards Pawns: Testing Backwards Pawns"]
[Site "SchemingMind.com"]
[Date "2022.07.08"]
[Round "-"]
[White "*chessnut*"]
[Black "DANDYLIONHONEYBADGER"]
[Result "0-1"]
[WhiteCountry "FRA"]
[BlackCountry "USA"]
[WhiteElo "1065"]
[WhiteRD "119"]
[BlackElo "1139"]
[BlackRD "111"]
[GameID "725038"]

1. d4 e6 2. e4 g6 3. Nf3 f6 4. c4 Bb4+ 5. c3 Be7 6. h4 d5 7. g4 a6 8. e5 f5 9. g3 Nc6 10. a3 h6
11. b4 b5 12. a4 Bb7 13. Bf4 h5 14. Bg5 Bxg5 15. Nxg5 Qe7 16. Na3 Nh6 17. axb5 axb5 18. Bxb5 O-O 19. f4 Ng4 20. Qb3 h6
21. Nf3 f6 22. Qc2 f5 23. Qe2 h5 24. Qb2 Na7 25. Ba4 Bc6 26. Bxc6 Nxc6 27. Ke2 Rfb8 28. Nc2 Rxa1 29. Qxa1 Qd8 30. Qa6 Rb6
31. Qa4 f6 32. b5 Nb8 33. h3 Nh6 34. exf6 Qxf6 35. Ng5 Nf5 36. Rg1 Nd6 37. b4 Nb5 38. Kd2 c6 39. Nf3 Ra6 40. Qb3 Nd7
41. Ne5 Nxe5 42. dxe5 Qf5 43. Ra1 Rxa1 44. Nxa1 Qxh3 45. c4 Qg2+ 46. Kc1 Nd4 47. Qd3 Ne2+ 48. Kd1 Qf1+ 49. Kd2 Nxg3 50. Qxg3 Qxa1
51. Qxg6+ Kf8 52. c3 Qa2+ 53. c2 Qc4 54. Qh6+ Ke7 55. Qf6+ Kd7 56. Qf7+ Kc8 57. Qxe6+ Kb7 58. Qf7+ Kb6 59. c3 h4 60. e6 h3
61. e7 h2 62. Qh5 Qxf4+ 63. Kc2 Qe4+ 64. Kd2 Qg2+ 65. Qe2 Qg5+ 66. Kd3 h1=Q 67. Qf2+ Kc7 68. Qa7+ Kd6 69. Qc5+ Kd7 70. Qa7+ Kd6
71. e8=N+ Ke5 72. Qc7+ Kf5 73. Nd6+ Kg6 74. Qf7+ Kh6 75. Nf5+ Qxf5+ 76. Qxf5 Qb1+
0-1

[Event "Backwards Pawns: Testing Backwards Pawns"]
[Site "SchemingMind.com"]
[Date "2022.07.08"]
[Round "-"]
[White "DANDYLIONHONEYBADGER"]
[Black "*chessnut*"]
[Result "0-1"]
[WhiteCountry "USA"]
[BlackCountry "FRA"]
[WhiteElo "1109"]
[WhiteRD "111"]
[BlackElo "1100"]
[BlackRD "121"]
[GameID "725039"]

1. e4 e5 2. d3 c5 3. h4 d6 4. f3 Be7 5. g3 Nc6 6. c3 Bd7 7. g4 Bxh4+ 8. Ke2 h6 9. Be3 g5 10. Bf2 b5
11. Bxh4 gxh4 12. Bh3 Be6 13. Nd2 Qf6 14. Kf2 Nge7 15. a3 Ng6 16. g5 hxg5 17. Bxe6 Qxe6 18. Nh3 Qf6 19. a4 b6 20. Qb3 g4
21. Ng1 g3+ 22. Ke1 Nf4 23. Kd1 Nxd3 24. Kc2 Nf2 25. e3 Nxh1 26. Nh3 Qf5+ 27. Ne4 Nb4+ 28. cxb4 Qxf3 29. Qd3 Qg2+ 30. Nef2 Nxf2
31. Nxf2 Qxf2+ 32. e2 cxb4 33. Qb5+ Ke7 34. Kb3 Qe3+ 35. Ka2 g2 36. Qa6 Qe4 37. Rg1 h3
0-1

[Event "Backwards Pawns: Testing Backwards Pawns"]
[Site "SchemingMind.com"]
[Date "2022.07.15"]
[Round "-"]
[White "surfnsuds"]
[Black "Schaakmaatje"]
[Result "0-1"]
[WhiteCountry "USA"]
[BlackCountry "NED"]
[WhiteElo "1246"]
[WhiteRD "160"]
[BlackElo "1482"]
[BlackRD "157"]
[GameID "725237"]

1. d4 f5 2. c4 Nf6 3. d3 e5 4. Bg5 Be7 5. Bxf6 Bxf6 6. g3 O-O 7. Bg2 c6 8. Nc3 Na6 9. Qb3 Nc5 10. Qb4 Be7
11. Kd2 Ne4+ 12. Nxe4 Bxb4+ 13. Nc3 d6 14. a3 Bxc3+ 15. Kxc3 d5 16. Nf3 d4+ 17. Kd2 e4 18. dxe4 fxe4 19. Ne1 Qg5+ 20. Kd1 Rxf2
21. Rf1 Rxf1 22. Bxf1 Qe3 23. c3 dxc3 24. bxc3 Qxc3 25. Nc2 e3 26. a4 Qd2#
0-1

[Event "Backwards Pawns: Testing Backwards Pawns"]
[Site "SchemingMind.com"]
[Date "2022.07.15"]
[Round "-"]
[White "Schaakmaatje"]
[Black "surfnsuds"]
[Result "1-0"]
[WhiteCountry "NED"]
[BlackCountry "USA"]
[WhiteElo "1712"]
[WhiteRD "118"]
[BlackElo "1127"]
[BlackRD "117"]
[GameID "725238"]

1. e4 e5 2. Nf3 Nc6 3. d4 Nf6 4. d5 Nb4 5. a3 Na6 6. Bg5 Be7 7. Bd3 Nc5 8. Nc3 Nxd3+ 9. Qxd3 Ng4 10. Bxe7 Qxe7
11. h3 Nf6 12. O-O-O e6 13. Rhe1 e5 14. d6 cxd6 15. Qxd6 Qxd6 16. Rxd6 Ke7 17. Red1 Ne8 18. R6d2 d6 19. Ng1 Nf6 20. Rxd6 b6
21. f3 Ba6 22. R6d2 Rhd8 23. Rxd8 Rxd8 24. Nd5+ Nxd5 25. Rxd5 Rxd5 26. exd5 Bc4 27. Kd2 Bxd5 28. Kd3 Bb7 29. c4 Ba6 30. a4 b5
31. axb5 Bb7 32. c5 a6 33. bxa6 Bxa6+ 34. Ke4 f6 35. Kd5 e6+ 36. Kc6 Kd8 37. b4 Kc8 38. b5 Bb7+ 39. Kd6 e5 40. c6 f5
41. cxb7+ Kxb7 42. Kxe5 f6+ 43. Kd5 Kb6 44. Kc4 g5 45. Ne2
1-0

[Event "Backwards Pawns: Testing Backwards Pawns"]
[Site "SchemingMind.com"]
[Date "2022.07.13"]
[Round "-"]
[White "JPT"]
[Black "Schaakmaatje"]
[Result "1/2-1/2"]
[WhiteCountry "INT"]
[BlackCountry "NED"]
[WhiteElo "1419"]
[WhiteRD "129"]
[BlackElo "1482"]
[BlackRD "157"]
[GameID "725239"]

1. e4 e5 2. Nf3 Nc6 3. Nc3 Nf6 4. Bc4 Bc5 5. O-O O-O 6. d3 d6 7. Bg5 h6 8. Bxf6 Qxf6 9. Nd5 Qd8 10. c3 a6
11. a4 Ne7 12. Nxe7+ Qxe7 13. b4 Ba7 14. d4 exd4 15. cxd4 Qxe4 16. Re1 Qc6 17. Rc1 Qb6 18. a3 c6 19. Ba2 Bf5 20. Bb1 Bxb1
21. Rxb1 Rae8 22. Rxe8 Rxe8 23. Rb3 Re4 24. Re3 d5 25. Qc2 f5 26. Qc5 Qxc5 27. bxc5 Rxe3 28. fxe3 Bb8 29. g3 g5 30. Kf2 Kf7
31. Nd2 Bc7 32. Nb3 a7 33. d3 Ke6 34. Nd4+ Kf6 35. Nb3= b6 36. d4 b5 37. d3 Ke5 38. Nd4 a5 39. Nxc6+ Kf6 40. Nd4 b4
41. axb4 axb4 42. Ke2 h5 43. c6 f4 44. exf4 gxf4 45. gxf4 Bxf4 46. h3 Ke7 47. Nb5 b3 48. Kd1 b2 49. Kc2 Bc1 50. c5 Kd7
51. d4 Kc6 52. Nc3 Be3 53. Kd3 Bc1 54. Kc2=
1/2-1/2

[Event "Backwards Pawns: Testing Backwards Pawns"]
[Site "SchemingMind.com"]
[Date "2022.07.13"]
[Round "-"]
[White "Schaakmaatje"]
[Black "JPT"]
[Result "1-0"]
[WhiteCountry "NED"]
[BlackCountry "INT"]
[WhiteElo "1482"]
[WhiteRD "157"]
[BlackElo "1419"]
[BlackRD "129"]
[GameID "725240"]

1. e4 e5 2. Nf3 Nc6 3. d4 e6 4. Be2 d6 5. c4 g6 6. O-O Bg7 7. Nc3 Nge7 8. Be3 O-O 9. Qd2 Bd7 10. Rac1 Qc8
11. Bh6 e5 12. Bxg7 Kxg7 13. Nd5 Nxd5 14. cxd5 Nxd4 15. Nxd4 exd4 16. Qxd4+ Kg8 17. f4 g7 18. b4 a6 19. e5 dxe5 20. fxe5 Qe8
21. Rxc7 Rb8 22. Rfc1 Bb5 23. Bg4 Rd8 24. e6 fxe6 25. Qxg7#
1-0

[Event "Backwards Pawns: Testing Backwards Pawns"]
[Site "SchemingMind.com"]
[Date "2022.07.13"]
[Round "-"]
[White "Ilang"]
[Black "Schaakmaatje"]
[Result "1-0"]
[WhiteCountry "HUN"]
[BlackCountry "NED"]
[WhiteElo "1876"]
[WhiteRD "131"]
[BlackElo "1482"]
[BlackRD "157"]
[GameID "725241"]

1. e4 e5 2. Nf3 Nc6 3. Bb5 a6 4. Bxc6 dxc6 5. O-O Bd6 6. d4 Bg4 7. dxe5 Bxf3 8. Qxf3 Bxe5 9. Nc3 Qf6 10. Qxf6 Nxf6
11. Bg5 O-O 12. Rfe1 h6 13. Bxf6 Bxf6 14. e5 Be7 15. Ne4 Rfd8 16. f4 Rd7 17. Rad1 Rad8 18. Rxd7 Rxd7 19. Kf2 b5 20. Kf3 c5
21. b3 Kh7 22. g4 f6 23. exf6 gxf6 24. Ng3 Kg6 25. Nf5 Bf8 26. h3 h5 27. Nh4+ Kh6 28. Re6 Rd6 29. Nf5+
1-0

[Event "Backwards Pawns: Testing Backwards Pawns"]
[Site "SchemingMind.com"]
[Date "2022.07.13"]
[Round "-"]
[White "Schaakmaatje"]
[Black "Ilang"]
[Result "0-1"]
[WhiteCountry "NED"]
[BlackCountry "HUN"]
[WhiteElo "1482"]
[WhiteRD "157"]
[BlackElo "1876"]
[BlackRD "131"]
[GameID "725242"]

1. d4 d5 2. Bf4 e6 3. e3 Nf6 4. Bd3 c5 5. c3 Qb6 6. Qb3 c4 7. Qxb6 axb6 8. Bc2 Bd7 9. Nd2 Nc6 10. e4 Nxe4
11. Nxe4 dxe4 12. Bxe4 b5 13. Nf3 f5 14. Bc2 Be7 15. O-O b4 16. Rfe1 O-O 17. Ng5 bxc3 18. bxc3 Bxg5 19. Bxg5 Ra3 20. Bd2 Rfa8
21. h3 Rxa2 22. Rxa2 Rxa2 23. Rc1 Na5 24. Be3 Nb3 25. Bxb3 cxb3
0-1

[Event "Backwards Pawns: Testing Backwards Pawns"]
[Site "SchemingMind.com"]
[Date "2022.07.13"]
[Round "-"]
[White "Abstract Actuary"]
[Black "Schaakmaatje"]
[Result "0-1"]
[WhiteCountry "USA"]
[BlackCountry "NED"]
[WhiteElo "1690"]
[WhiteRD "138"]
[BlackElo "1712"]
[BlackRD "118"]
[GameID "725243"]

1. e4 c5 2. d4 cxd4 3. c3 dxc3 4. Nxc3 d6 5. Bc4 e6 6. Nf3 Be7 7. O-O Nf6 8. Qe2 O-O 9. Rd1 Qa5 10. e5 Ne8
11. exd6 Nxd6 12. Bb3 Qh5 13. Bf4 Rd8 14. Rac1 Nc6 15. Ne4 e5 16. Nxd6 Bxd6 17. Bg3 Bg4 18. h3 Bxf3 19. Qxf3 Qxf3 20. gxf3 Nd4
21. Bd5 Ne2+ 22. Kg2 Nxc1 23. Rxc1 Kf8 24. a3 Rab8 25. b4 e6 26. Bb3 Bxg3 27. fxg3 Rbc8 28. Rb1 Rd2+ 29. Kf1 Rc3 30. Bd1 Rxa3
31. Ke1 Rh2 32. h4 Raa2
0-1

[Event "Backwards Pawns: Testing Backwards Pawns"]
[Site "SchemingMind.com"]
[Date "2022.07.13"]
[Round "-"]
[White "Schaakmaatje"]
[Black "Abstract Actuary"]
[Result "1-0"]
[WhiteCountry "NED"]
[BlackCountry "USA"]
[WhiteElo "1712"]
[WhiteRD "118"]
[BlackElo "1690"]
[BlackRD "138"]
[GameID "725244"]

1. e4 e6 2. d4 d5 3. e5 c5 4. c3 Nc6 5. f4 Qb6 6. Nf3 cxd4 7. cxd4 f6 8. Nc3 fxe5 9. fxe5 Nge7 10. Bb5 a6
11. Ba4 Nf5 12. Bxc6+ bxc6 13. g4 Nh6 14. h3 Bb4 15. O-O Nf7 16. Be3 O-O 17. a3 Be7 18. Qd2 Bb7 19. Rac1 Qd8 20. g5 a5
21. Ne2 Qd7 22. Kh2 Bd8 23. h4 Bb6 24. Rg1 Nh8 25. Rg3 Rf5 26. g4 Rf7 27. Ng5 Re7 28. Qc2 g6 29. Nf4 h6 30. Ngh3 Rg7
31. Nh5 gxh5 32. Rcg1 hxg4 33. Rxg4 Rxg4 34. Rxg4+ Kf8 35. Bxh6+ Ke8 36. Rg8+ Ke7 37. Qh7+ Nf7 38. Bg5#
1-0

[Event "Backwards Pawns: Testing Backwards Pawns"]
[Site "SchemingMind.com"]
[Date "2022.07.17"]
[Round "-"]
[White "Schaakmaatje"]
[Black "magier72"]
[Result "1-0"]
[WhiteCountry "NED"]
[BlackCountry "GER"]
[WhiteElo "1712"]
[WhiteRD "118"]
[BlackElo "1269"]
[BlackRD "121"]
[GameID "725245"]

1. e4 c5 2. Nf3 d6 3. Bb5+ c6 4. Be2 e5 5. d4 exd4 6. Nxd4 Nf6 7. Nc3 Be7 8. O-O O-O 9. Be3 c5 10. Nb3 Be6
11. f3 c6 12. Qd2 d5 13. exd5 Nxd5 14. Nxd5 cxd5 15. c3 Nc6 16. Nd4 Nxd4 17. Bxd4 Bd6 18. f2 Qc7 19. g3 Rac8 20. Rfe1 Rfd8
21. Bf1 Bd7 22. Re3 Qb8 23. Rae1 Re8 24. Rxe8+ Rxe8 25. Qg5 Bf8 26. Rxe8 Qxe8 27. Qxd5 Bc6 28. Qe5 Qxe5 29. Bxe5 f6 30. Bc4+ f7
31. Kf1 g6 32. Ke2 Bg7 33. Bxg7 Kxg7 34. f4 f5 35. Ke3 Kf6 36. h4 Be4 37. Kd4 a6 38. Bd5
1-0

[Event "Backwards Pawns: Testing Backwards Pawns"]
[Site "SchemingMind.com"]
[Date "2022.07.17"]
[Round "-"]
[White "magier72"]
[Black "Schaakmaatje"]
[Result "0-1"]
[WhiteCountry "GER"]
[BlackCountry "NED"]
[WhiteElo "1269"]
[WhiteRD "121"]
[BlackElo "1712"]
[BlackRD "118"]
[GameID "725246"]

1. c4 Nf6 2. d4 d5 3. c3 g6 4. Nf3 Bg7 5. Ne5 O-O 6. e3 d6 7. Nf3 c6 8. Bd3 Nbd7 9. c4 e5 10. O-O e4
11. Bxe4 Nxe4 12. Nbd2 Nxd2 13. Bxd2 Nf6 14. Bc3 Ne4 15. Rc1 Nxc3 16. Rxc3 Bg4 17. h3 Bxf3 18. Qxf3 Qf6 19. Qd1 Rfe8 20. Qd3 Re7
21. Rd1 Rae8 22. Qc2 Bh6 23. Qc1 Re4 24. Rcd3 d5 25. c3 Qe7 26. Re1 f5 27. Rdd1 f4 28. f3 Rxe3 29. Rxe3 fxe3 30. Re1 Qh4
31. Qd1 Qf2+
0-1

[Event "Backwards Pawns: Testing Backwards Pawns"]
[Site "SchemingMind.com"]
[Date "2022.07.14"]
[Round "-"]
[White "Schaakmaatje"]
[Black "emakis"]
[Result "1/2-1/2"]
[WhiteCountry "NED"]
[BlackCountry "GRE"]
[WhiteElo "1482"]
[WhiteRD "157"]
[BlackElo "1674"]
[BlackRD "131"]
[GameID "725247"]

1. d4 d5 2. Nf3 Nf6 3. Bf4 e6 4. e3 Be7 5. Be2 O-O 6. O-O c5 7. c4 Nc6 8. Nc3 dxc4 9. Bxc4 a6 10. dxc5 Bxc5
11. Qxd8 Rxd8 12. Rad1 b5 13. Bb3 Bb7 14. Ne5 Na5 15. Bc2 Nd5 16. Nxd5 Bxd5 17. b3 Nc6 18. e4 Nxe5 19. exd5 Ng6 20. Bxg6 hxg6
21. dxe6 fxe6 22. g3 Kf7 23. Kg2 Kf6 24. Bc7 Rdc8 25. Ba5 b4 26. Rd7 Be7 27. Rfd1 Rc2 28. R1d2 Rac8 29. Bb6 Rxd2 30. Rxd2 Rc6
31. Be3 g5 32. g4 Bd6 33. g3 Be5 34. h3 Bc3 35. Rc2 Rd6 36. b2 Be5 37. Kf3 Rd1 38. Kg2 Rb1 39. b3=
1/2-1/2

[Event "Backwards Pawns: Testing Backwards Pawns"]
[Site "SchemingMind.com"]
[Date "2022.07.13"]
[Round "-"]
[White "emakis"]
[Black "Schaakmaatje"]
[Result "1-0"]
[WhiteCountry "GRE"]
[BlackCountry "NED"]
[WhiteElo "1674"]
[WhiteRD "131"]
[BlackElo "1482"]
[BlackRD "157"]
[GameID "725248"]

1. d4 d5 2. Bf4 Bf5 3. e3 e6 4. Bd3 Bxd3 5. Qxd3 Nc6 6. c3 a6 7. Nd2 Bd6 8. Ngf3 Nf6 9. Ne5 Nd7 10. Nxc6 bxc6
11. Bg3 f5 12. Nf3 O-O 13. Ne5 Bxe5 14. dxe5 Qe7 15. O-O Nc5 16. Qd4 Ne4 17. f3 c5 18. Qa4 Nd2 19. Rf2 Nc4 20. b3 Nb6
21. Qc6 Ra7 22. Rd2 Nd7 23. c4 Nb8 24. Qa4 c6 25. Rad1 Qb7 26. e4 fxe4 27. Bd6 Rd8 28. Bxc5 exf3 29. gxf3 Ra8 30. cxd5 cxd5
31. Qg4 Qf7 32. Rg2 Nc6 33. Kh1 Ne5 34. Qg3 Nc6 35. Ba3 d4 36. e2 Ra7 37. Bc1 Kh8 38. Rdg1 Rg8 39. Qd6 Ne7 40. Qxd4 Nf5
41. Qg4 g6 42. Bb2+ Ng7 43. e4 Rd8 44. Qh4
1-0